Escuela Española de Sordomudos (Record no. 183041)
[ view plain ]
| 000 -LEADER | |
|---|---|
| campo de control de longitud fija | 01074nam a2200265 i 4500 |
| 001 - NÚMERO DE CONTROL | |
| campo de control | 183041 |
| 003 - IDENTIFICADOR DE NÚMERO DE CONTROL | |
| campo de control | ES-MaACL |
| 005 - FECHA Y HORA DE LA ÚLTIMA TRANSACCIÓN | |
| campo de control | 20251010181800.0 |
| 008 - DATOS DE LONGITUD FIJA--INFORMACIÓN GENERAL | |
| campo de control de longitud fija | 140114s2008 sp | |||||||| | spa d |
| 020 ## - NÚMERO INTERNACIONAL ESTÁNDAR DEL LIBRO | |
| Número Internacional Estándar del Libro | 978-84-7908-960-3 |
| 080 ## - NÚMERO DE LA CLASIFICACIÓN DECIMAL UNIVERSAL | |
| Número de la Clasificación Decimal Universal | 376.1-056.263 |
| 080 ## - NÚMERO DE LA CLASIFICACIÓN DECIMAL UNIVERSAL | |
| Número de la Clasificación Decimal Universal | 81'221.2 |
| 100 1# - ENTRADA PRINCIPAL--NOMBRE DE PERSONA | |
| Nombre de persona | Hervás, Lorenzo, |
| Fechas asociadas al nombre | 1735-1809 |
| 9 (RLIN) | 63423 |
| 245 10 - MENCIÓN DEL TÍTULO | |
| Título | Escuela Española de Sordomudos |
| Resto del título | : la gramática de la lengua de signos en su contexto interlingüístico y pedagógico / |
| Mención de responsabilidad, etc. | Lorenzo Hervás y Panduro ; estudio introductorio y edición de Ángel Herrero. |
| 260 ## - PUBLICACIÓN, DISTRIBUCIÓN, ETC. | |
| Lugar de publicación, distribución, etc. | San Vicente del Raspeig : |
| Nombre del editor, distribuidor, etc. | Publicaciones de la Universidad de Alicante, |
| Fecha de publicación, distribución, etc. | [2008] |
| 300 ## - DESCRIPCIÓN FÍSICA | |
| Extensión | 407 p. ; |
| Dimensiones | 23 cm. |
| 500 ## - NOTA GENERAL | |
| Nota general | Índices. |
| 650 ## - PUNTO DE ACCESO ADICIONAL DE MATERIA--TÉRMINO DE MATERIA | |
| Término de materia o nombre geográfico como elemento de entrada | Lenguaje por signos. |
| 9 (RLIN) | 154159 |
| 650 #4 - PUNTO DE ACCESO ADICIONAL DE MATERIA--TÉRMINO DE MATERIA | |
| Término de materia o nombre geográfico como elemento de entrada | Sordos- |
| Subdivisión general | Educación. |
| 9 (RLIN) | 154160 |
| 700 1# - ENTRADA AGREGADA--NOMBRE PERSONAL | |
| Nombre de persona | Herrero, Ángel, |
| Fechas asociadas al nombre | 1951-2017 |
| 9 (RLIN) | 154161 |
| 852 ## - LOCALIZACIÓN | |
| Ubicación | ES-MaACL |
| Número de control de estantería | A-12983 |
| itemnumber | 189974 |
| Sublocalización o colección | R.149798 |
| Ubicación en estantería | Depósito 1 |
| Signatura antigua | Olim: N-5983 |
| Encuadernación | Donación: Real Academia Española |
| 914 ## - NOMBRE ENTIDAD DE DONANTE | |
| RLIN | 6336 |
| Nombre de congreso/reunión o jurisdicción como elemento de entrada | Real Academia Española |
| Unidad subordinada | Donante |
| 942 ## - ELEMENTOS DE ENTRADA SECUNDARIOS (KOHA) | |
| Fuente del sistema de clasificación o colocación | Clasificación decimal universal |
| Tipo de ítem Koha | Libro impreso |
| Estatus retirado | Estado de pérdida | Fuente del sistema de clasificación o colocación | Estado de daño | No para préstamo | Biblioteca de origen | Biblioteca actual | Ubicación en estantería | Fecha de adquisición | Fuente de adquisición | Total de préstamos | Signatura topográfica completa | Código de barras | Visto por última vez | Precio de reemplazo | Tipo de ítem Koha |
|---|---|---|---|---|---|---|---|---|---|---|---|---|---|---|---|
| Clasificación decimal universal | Biblioteca del Ateneo de Madrid | Biblioteca del Ateneo de Madrid | Depósito 1 | 14/01/2014 | Donación | A-12983 | 1192380 | 23/02/2023 | 23/02/2023 | Libro impreso |
